<?xml version="1.0" encoding="UTF-8"?>
<record
    xmlns:xsi="http://www.w3.org/2001/XMLSchema-instance"
    xsi:schemaLocation="http://www.loc.gov/MARC21/slim http://www.loc.gov/standards/marcxml/schema/MARC21slim.xsd"
    xmlns="http://www.loc.gov/MARC21/slim">

  <leader>00568nam a2200145Ia 4500</leader>
  <controlfield tag="008">100204s9999    xx            000 0 und d</controlfield>
  <datafield tag="082" ind1=" " ind2=" ">
    <subfield code="b">26269</subfield>
  </datafield>
  <datafield tag="100" ind1=" " ind2=" ">
    <subfield code="a">&#x92E;&#x902;&#x917;&#x933;&#x935;&#x947;&#x922;&#x947;&#x915;&#x930;    &#x930;&#x93E;&#x91C;&#x93E;</subfield>
  </datafield>
  <datafield tag="245" ind1=" " ind2=" ">
    <subfield code="a">&#x928;&#x935;&#x932;&#x915;&#x925;&#x93E; : &#x90F;&#x915;&#x93E; &#x92A;&#x941;&#x930;&#x941;&#x937;&#x93E;&#x930;&#x94D;&#x925;&#x93E;&#x91A;&#x940;</subfield>
  </datafield>
  <datafield tag="260" ind1=" " ind2=" ">
    <subfield code="b">&#x905;&#x92D;&#x92F;   &#x92B;&#x93F;&#x930;&#x94B;&#x926;&#x93F;&#x92F;&#x93E;   &#x92A;&#x941;&#x923;&#x947;</subfield>
    <subfield code="c">1998-3</subfield>
  </datafield>
  <datafield tag="300" ind1=" " ind2=" ">
    <subfield code="a">584-+64</subfield>
  </datafield>
  <datafield tag="630" ind1=" " ind2=" ">
    <subfield code="a">&#x928;&#x935;&#x932;&#x915;&#x925;&#x93E; : &#x90F;&#x915;&#x93E; &#x92A;&#x941;&#x930;&#x941;&#x937;&#x93E;&#x930;&#x94D;&#x925;&#x93E;&#x91A;&#x940;</subfield>
  </datafield>
  <datafield tag="730" ind1=" " ind2=" ">
    <subfield code="a">&#x928;&#x935;&#x932;&#x915;&#x925;&#x93E; : &#x90F;&#x915;&#x93E; &#x92A;&#x941;&#x930;&#x941;&#x937;&#x93E;&#x930;&#x94D;&#x925;&#x93E;&#x91A;&#x940;</subfield>
  </datafield>
  <datafield tag="942" ind1=" " ind2=" ">
    <subfield code="c">BOOK</subfield>
  </datafield>
  <datafield tag="999" ind1=" " ind2=" ">
    <subfield code="c">471449</subfield>
    <subfield code="d">471446</subfield>
  </datafield>
  <datafield tag="952" ind1=" " ind2=" ">
    <subfield code="0">0</subfield>
    <subfield code="1">0</subfield>
    <subfield code="4">0</subfield>
    <subfield code="7">0</subfield>
    <subfield code="a">NCKMULUND</subfield>
    <subfield code="b">NCKMULUND</subfield>
    <subfield code="d">2004-09-01</subfield>
    <subfield code="g">300.00</subfield>
    <subfield code="l">0</subfield>
    <subfield code="o">26269</subfield>
    <subfield code="p">NCKMULUND-26269</subfield>
    <subfield code="r">2010-02-04 00:00:00</subfield>
    <subfield code="v">300.00</subfield>
    <subfield code="w">2010-02-04</subfield>
    <subfield code="y">BOOK</subfield>
  </datafield>
</record>
